| 000 | 00710nam a2200229 a 4500 | ||
|---|---|---|---|
| 001 | 1221 | ||
| 003 | BR-CuiBMT | ||
| 005 | 20231204204551.0 | ||
| 008 | 231201s2020 mtba | 00| 0 por d | ||
| 040 |
_aBR-CuiBMT _cBR-CuiBMT |
||
| 080 |
_a347.735 _22007 |
||
| 090 |
_a347.735 _bA447t _c14. ed. |
||
| 100 | 1 | _aAlmeida, Amador Paes de | |
| 245 | 1 | 0 |
_aTeoria e prática do títulos de crédito / _cAmador Paes de Almeida. |
| 250 | _a14. ed. , rev. , atua. e ampl. | ||
| 260 |
_aSão Paulo: _bSaraiva, _c1995. |
||
| 300 |
_axv , 341 p. : _bil. : _c21 cm |
||
| 504 | _aInclui bibliografia e índice. | ||
| 650 |
_a Título de crédito _zBrasil |
||
| 650 |
_aTítulo de crédito _xModelo _yBrasil |
||
| 942 |
_2udc _cLV |
||
| 999 |
_c1221 _d1221 |
||